| 000 | 01115nam a2200337Ma 4500 | ||
|---|---|---|---|
| 001 | 35330420 | ||
| 003 | TR-AnTOB | ||
| 005 | 20240711113349.0 | ||
| 008 | 800904s1995 tu b f000 0 tur d | ||
| 020 | _a9751715687 | ||
| 040 |
_aHLS _beng _erda _cHLS _dTR-AnTOB |
||
| 041 | 0 | _atur | |
| 043 | _aa-tu--- | ||
| 050 | 4 |
_aPL215 _b.K83 1995 |
|
| 090 |
_aPL215 _b.K83 1995 |
||
| 100 | 1 | _aKudret, Cevdet | |
| 245 | 1 | 0 |
_aÖrnekli Türk edebiyatı tarihi : _bbaşlangıçtan 15. yy. ortalarına kadar / _cCevdet Kudret. |
| 250 | _a1. baskı | ||
| 264 | 1 |
_aAnkara : _bT.C. Kültür Bakanlığı, _c1995. |
|
| 300 |
_axv, 439 pages ; _c24 cm. |
||
| 336 |
_2rdacontent _atext _btxt |
||
| 337 |
_2rdamedia _aunmediated _bn |
||
| 338 |
_2rdacarrier _avolume _bnc |
||
| 490 | 0 |
_aT.C. Kültür Bakanlığı yayınları ; _v1771 _aBaşvuru kitapları ; _v26 |
|
| 504 | _aIncludes bibliographical references | ||
| 590 | _aDonated by Tuba Işınsu İsen Durmuş. | ||
| 650 | 0 |
_aTurkish literature _yTo 1500 _xHistory and criticism |
|
| 650 | 0 |
_aTurkish literature _yTo 1500 |
|
| 942 |
_2lcc _cBK |
||
| 999 |
_c200427272 _d45196 |
||